000 00796nam a2200253 a 4500
001 33350
003 UkOxU
005 20211209052007.0
008 140507s1976 u b 001 0 eng d
020 _z333197569
020 _z333197577 (pbk.)
035 _a(BD-RjUL)33441
040 _aBUF
_cBUF
_beng
_dBD-RjUL
041 _aeng
082 _a335.408
_bGOD 1976
100 1 _aGouldner, Alvin Ward,
_d1920-
_9101237
245 1 4 _aThe dialectic of ideology and technology :
_bthe origins, grammar, and future of ideology /
_cAlvin W. Gouldner.
260 _aU. S. A. :
_bMacmillan,
_cc1976
300 _axvi, 304 p. ;
_c23 cm
504 _aIncludes bibliographical references and index
650 0 _aCommunism and society
_93178
830 0 _aCritical social studies
_97516
942 _2ddc
_cBK
999 _c33350
_d33350